00369 a2200121 4500001001000000005001700010008004100027245006700068100002000135700002000155773005500175999001700230ART_5053220260410161758.0260409a 10aLa exportación de servicios en el impuesto al valor agregado1 aGotlib, Gabriel1 aCarbone, Sergio0 tDoctrina tributariag- N°479 (feb. 2020)wREV4296 c20282d20282